Score 0/59 Timer 10:00
0 Plays Today
% Correct
Death
69.8%
Garrett Bobby Ferguson
58.5%
Destroyer of Worlds
56.6%
Susan
52.8%
The Hammer
45.3%
Thomas
41.5%
Coffee Bean
39.6%
Garret Bobby Ferguson Jr.
37.7%
Party Pete
37.7%
Peeps
37.7%
The Urge
35.8%
The Night Owl
35.8%
Hot Dogs
35.8%
Doug Shablowski
34%
Snowballs
34%
Ybgir
32.1%
Stag-Man
32.1%
Summertime Song
32.1%
Park Avenue
32.1%
Death Bear
32.1%
Percy
32.1%
Duck Collector
32.1%
Moon Monster
32.1%
The Wizard
30.2%
Doom Ma Geddon Virus
28.3%
Klorgbane The Destroyer
28.3%
Blonde Men
26.4%
Promise Pie
26.4%
Broseph Chillaxton
24.5%
Howard Fightington
24.5%
% Correct
Chong
24.5%
Were-Skunk
22.6%
Ladonna
22.6%
Warden of the Internet
22.6%
The British Taxi
22.6%
The Crew Crew
20.8%
Capicola Gang
20.8%
Jan The Wallpaper Man
20.8%
Party Bus Driver
18.9%
Huge Head
18.9%
Rock, Paper, Scissors Monster
18.9%
Four-Armageddon
18.9%
Grease Monster
18.9%
Hissy Fit
17%
Quillgin
15.1%
Carrey O'Key
15.1%
Carl
15.1%
Warlock
15.1%
The Fire Marshall
13.2%
Game Store Manager
13.2%
Holograms
13.2%
Milk People
13.2%
The Waiter
13.2%
Hair to the Throne
13.2%
Guardian of Secrets
13.2%
Halloween Wizard
11.3%
Bodybuilder
11.3%
Truckers
11.3%
Drumatron VI
9.4%
Remove Ads.
Support Sporcle.
Get the best of Sporcle when you Go Orange. This ad-free experience offers more features, more stats, and more fun while also helping to support Sporcle. Thank you for becoming a member.

You're not logged in!

Compare scores with friends on all Sporcle quizzes.
OR
Log In

Show Comments

Extras

Created Dec 31, 2012ReportNominate
Tags:Show Quiz, regular, Villains

Top Quizzes Today


Score Distribution

Your Account Isn't Verified!

In order to create a playlist on Sporcle, you need to verify the email address you used during registration. Go to your Sporcle Settings to finish the process.

Report this User

Report this user for behavior that violates our Community Guidelines.

Details: